Finance under provincial autonomy (Record no. 438417)

000 -LEADER
fixed length control field 00403cam a22001457a 4500
008 - FIXED-LENGTH DATA ELEMENTS--GENERAL INFORMATION
fixed length control field 180718b1940 xxu||||| |||| 00| 0 eng d
082 ## - DEWEY DECIMAL CLASSIFICATION NUMBER
Classification number Lsx54 V223
100 ## - MAIN ENTRY--PERSONAL NAME
Personal name Vakil, C. N.
245 ## - TITLE STATEMENT
Title Finance under provincial autonomy
Statement of responsibility, etc. by C. N. Vakil and M. H. Patel
260 ## - PUBLICATION, DISTRIBUTION, ETC.
Place of publication, distribution, etc. London
Name of publisher, distributor, etc. Longmans
Date of publication, distribution, etc. 1940
300 ## - PHYSICAL DESCRIPTION
Extent 200p.
650 ## - SUBJECT ADDED ENTRY--TOPICAL TERM
Topical term or geographic name entry element Taxation --India.
650 ## - SUBJECT ADDED ENTRY--TOPICAL TERM
Topical term or geographic name entry element Finance --India
700 ## - ADDED ENTRY--PERSONAL NAME
Personal name Patel, M. H.
Holdings
Withdrawn status Lost status Damaged status Not for loan Permanent Location Current Location Date acquired Full call number Barcode Date last seen Price effective from Koha item type
        Indian Institute of Public Administration Indian Institute of Public Administration 2010-04-08 Lsx54 V223 20696 2018-07-21 2018-07-21 Book

Powered by Koha